LEADER 01003nam2-22003371i-450- 001 990005643590403321 005 20060310114237.0 035 $a000564359 035 $aFED01000564359 035 $a(Aleph)000564359FED01 035 $a000564359 100 $a19990604d1967----km-y0itay50------ba 101 0 $aita 105 $ayf------00--- 200 1 $a<>futurismo$ftesto di Maurizio Calvesi 210 $aMilano$cFabbri$dc1967 215 $a3 v., tav.$d32 cm 461 0$1001000564333$12001$a<>arte moderna$v13-15 610 0 $aFuturismo$aStudi 676 $a709.04$v21$zita 676 $a709.04033$v21$zita 700 1$aCalvesi,$bMaurizio$f<1927- >$036175 801 0$aIT$bUNINA$gRICA$2UNIMARC 901 $aBK 912 $a990005643590403321 952 $a709.04 ART 1 (13)$bST. ARTE 10.036$fFLFBC 952 $a709.04 ART 1 (14)$bST. ARTE 10.049$fFLFBC 952 $a709.04 ART 1 (15)$bST. ARTE 10.295$fFLFBC 959 $aFLFBC 996 $aFuturismo$9299636 997 $aUNINA